00542nam a2200181Ia 4500003000900000008004100009040001600050080001500066100002000081245010900101260004800210300001500258650001900273650001500292650002300307650002000330650001000350IN-BaIIA211028s9999 xx 000 0 eng d cIIA Library a519.2bBAR aBartlett, M. S. 3aAn introduction to stochastic processescM. S. Bartlett,  aCambridgebCambridge University Pressc1962 axiv, 312p. aNASA Thesaurus aStatistics aStochastic Process aWave Progration aWaves